000 01652nam a22004337a 4500
003 CHAP
005 20220329141309.0
008 971010s1980 r 00010 d
010 _a65988
011 _a66960
035 _a75946
040 _cCHAP
090 _aTesis
100 0 0 _aValdovinos Chávez, Víctor Rafael.
_9117389
245 _aProduccción y exportación de becerros en el estado de Chihuahua
_b: modalidades, causas y consecuencias, 1950
_c/ 1975
260 _aChapingo, Méx. :
_bEl autor,
_c1980
300 _a266 h.
_b; láms. ; gráfs.
502 _aTesis (Ing. Agr. Esp. en Economía Agrícola) -- UACH. Departamento de Economía Agrícola
590 _aALEPH
_b10
_c20130110
_lUCH01
_h1400
590 _aBATCH-UPD
_b10
_c20130109
_lUCH01
_h2356
590 _aBATCH-UPD
_b10
_c20130110
_lUCH01
_h0320
590 _aBATCH-UPD
_b10
_c20130110
_lUCH01
_h1948
590 _aBATCH-UPD
_b10
_c20130409
_lUCH01
_h1929
590 _aBATCH-UPD
_b10
_c20130410
_lUCH01
_h0126
590 _aBATCH-UPD
_b10
_c20130410
_lUCH01
_h1638
590 _aBATCH-UPD
_b10
_c20130914
_lUCH01
_h0553
590 _aBATCH-UPD
_b10
_c20130914
_lUCH01
_h2139
590 _aCONVERSION
_b10
_c20130109
_lUCH01
_h1336
650 1 4 _aBecerros
_xMercadeo.
_911183
650 1 4 _aBecerros
_xProducción.
_911188
650 1 4 _aGanadería
_xAspectos económicos
_xChihuahua.
_944624
650 1 4 _aGanado vacuno
_xExportación.
_945465
650 1 4 _aGanado vacuno
_zChihuahua.
_945529
901 _aBK
942 _cFOLL
949 _bBC
_cTES
_d-154514
_eTS2
_fc.2
_i75946
_si
949 _bBC
_cTES
_d33724000633251
_eTS1
_h31044
_i75946
_si
949 _bZA
_cTESBD
_d-8950
_eTS1
_h266
_i75946
_si
999 _c65988
_d65988